Loading...
| Other - Geo/CE | 1 | 1 | 0 | 0 | 25 | 67 | 68.50 | 1 | 2 |
| History - American History | 1 | 1 | 0 | 1 | 25 | 85 | 109.00 | 0 | 2 |
| History - World History | 0 | 2 | 0 | 0 | 20 | 92 | 93.50 | 0 | 0 |
| Arts - Painting | 0 | 1 | 0 | 1 | 10 | 155 | 155.00 | 0 | 0 |
| History - World History | 0 | 1 | 0 | 0 | 10 | 109 | 109.00 | 0 | 0 |
| Literature - American Lit | 0 | 1 | 0 | 0 | 10 | 134 | 134.00 | 0 | 0 |
| Literature - Euro Lit | 0 | 1 | 0 | 1 | 10 | 123 | 123.00 | 0 | 0 |
| Other - Pop Culture | 0 | 1 | 0 | 1 | 10 | 130 | 130.00 | 0 | 1 |
| Science - Biology | 0 | 1 | 0 | 0 | 10 | 112 | 112.00 | 0 | 0 |
| History - Other History | 0 | 1 | 1 | 0 | 5 | 82 | 82.00 | 0 | 0 |
| Beliefs - Mythology | 0 | 1 | 1 | 0 | 5 | 117 | 117.00 | 0 | 0 |
| History - Other History | 0 | 0 | 1 | 0 | -5 | 0.00 | 0 | 0 | |
| Thought - Philosophy | 0 | 0 | 1 | 0 | -5 | 0.00 | 0 | 0 | |
| Other - Pop Culture | 0 | 0 | 1 | 0 | -5 | 0.00 | 0 | 0 |